| 000 | 00893nam a2200265 a 4500 | ||
|---|---|---|---|
| 001 | BRCA_4813 | ||
| 005 | 20190320204822.0 | ||
| 008 | 040413s2004 sp-#######---#000-0#spa-# | ||
| 020 | _a8488333889 | ||
| 041 | _aspa | ||
| 044 | _asp | ||
| 050 | 4 |
_aPQ6353 _b.G58 2004 |
|
| 100 | 1 |
_aGrilli, Giuseppe _912196 |
|
| 245 | 1 | 0 |
_aLiteratura caballeresca y re-escrituras cervantinas _cGiuseppe Grilli. |
| 260 |
_aEspaña _bCentro de Estudios Cervantinos _c2004 |
||
| 300 |
_a273 p. _c22 cm. |
||
| 440 | 0 |
_aBiblioteca de Estudios Cervantinos _v14 _912197 |
|
| 500 | _aIncluye índice de nombres y obras | ||
| 504 | _aBibliografía: p. [237]-262 | ||
| 600 | 1 | 4 |
_aCervantes Saavedra, Miguel de _d1547-1616 _tDon Quixote _912111 |
| 600 | 1 | 4 |
_aCervantes Saavedra, Miguel de _d1547-1616 _xConocimiento _912198 |
| 650 | 1 | 4 |
_aRomances del rey Arturo _xAdaptaciones _912199 |
| 902 | _aCERV | ||
| 942 |
_2lcc _cB |
||
| 999 |
_c4509 _d4509 |
||